[Event "ICS rated blitz match"]
[Site "204.178.125.65"]
[Date "1999.09.29"]
[Round "?"]
[White "Hossa"]
[Black "BugChess"]
[Result "1-0"]
[WhiteElo "2465"]
[BlackElo "2106"]
[Annotator "Fritz 5.32 (20s)"]
[PlyCount "107"]
[EventDate "1999.??.??"]

1. d4 e6 2. Nf3 Nf6 3. e3 b6 4. Bd3 Bb7 5. O-O d5 6. c4 Nbd7 7. cxd5 (7. Nc3 c5
8. Qe2 Rc8 9. b3 Bd6 10. Bb2 O-O 11. Rfd1 Re8 12. Rac1 Bc6 13. h3 Qc7 14. cxd5
exd5 15. Nb5 Bxb5 16. Bxb5 Be7 17. Ne5 Qd6 18. Nxd7 Nxd7 19. dxc5 bxc5 20. Bxg7
Red8 21. Bxd7 21... Rxd7 {Rakay,K-Krupik,J/Prievidza 1998/EXT 99/1-0 (45)})
7... exd5 8. Nh4 $146 (8. Nc3 Bd6 (8... Be7 9. Ne5 O-O 10. Qf3 Bd6 11. Nxd7
Qxd7 12. Bd2 Rfe8 13. Bf5 Qd8 14. Nb5 Bf8 15. Rfc1 c6 16. Nc3 g6 17. Bd3 Bd6
18. a3 Qe7 19. Qe2 Rad8 20. f3 Nh5 21. g4 Ng7 22. e4 Ne6 23. Be3 {
Gasztonyi,E-Flesch,J/Budapest 1963/MCL/0-1 (42)}) 9. Qc2 c5 10. e4 c4 11. e5
cxd3 12. Qxd3 Be7 13. exf6 Nxf6 14. Qb5+ Qd7 15. Re1 Ne4 16. Qxd7+ Kxd7 17.
Ne5+ Ke8 18. Nb5 Kf8 19. f3 Bb4 20. Rd1 Nd6 21. Bd2 Nxb5 22. Bxb4+ 22... Kg8 {
Portisch,L-Timman,J/Hilversum 1984/MCD/1-0 (50)}) 8... c5 9. Nc3 9... c4 {
Schwarz engt den Gegner ein} 10. Bf5 Be7 11. Bxd7+ $15 (11. Qa4 11... a6 $11)
11... Qxd7 ({Dagegen} 11... Nxd7 12. Nf5 O-O 13. e4 $11) 12. Nf3 12... Ne4 $11
(12... O-O $5 $15) 13. Ne5 Nxc3 14. bxc3 {Verwehrt dem Gegner b4} 14... Qd8 (
14... Qe6 15. Qa4+ Kd8 16. Ba3 $11) 15. Qa4+ Kf8 16. Ba3 Bxa3 17. Qxa3+ Kg8 18.
Nf3 g6 19. Nd2 f5 20. Nf3 Kg7 21. Ne5 {Der Springer steht aktiv} 21... Re8 22.
Qa4 Kf8 (22... Qh4 23. Rfb1 $11) 23. Rfb1 Kg8 24. Rb2 24... Rf8 $14 (24... Qh4
25. Rab1 $11) 25. Rab1 $11 (25. Qd7 Qxd7 26. Nxd7 26... Rfd8 $14) 25... g5 {
Schwarz bereitet f4 vor} 26. Qd1 26... f4 {Schwarz gewinnt Raum} 27. exf4 {
Nun geraet Schwarz unter starken Druck.} 27... gxf4 (27... Rxf4 28. Qh5 $14)
28. Qg4+ Kh8 29. Re1 Rc8 30. Rbe2 Rc7 31. Qh3 31... Kg8 $16 (31... Rg7 32. Qh5
$14) 32. Qh5 (32. Ng4 32... Qg5 $16) 32... Rg7 33. Ng4 Bc6 34. Nh6+ Kh8 35. f3
(35. Re5 f3 36. g3 36... Bd7 $16) 35... b5 (35... Qg5 36. Qxg5 Rxg5 37. Re7 $16
) 36. Qe5 Qd7 37. a3 a6 38. Ng4 (38. Qh5 $5 38... Qd8 39. Re6 $18) 38... Qd8
39. Kh1 Bb7 (39... Qb8 40. Qh5 $16) 40. Nh6 {Weiss erhaelt Koenigsangriff}
40... Qc8 $4 $18 {auch bessere Zuege haetten die Partie nicht gerettet.} (40...
Bc8 $16 $142) 41. Qh5 {Mit der Absicht Re7} 41... Bc6 42. Re6 (42. Re7 42...
Qd7 {Schwarz kann das gewonnene Material nicht behalten} 43. Rxd7 Bxd7 44. Qxd5
$18) 42... Bd7 43. Re7 {Es droht Matt} 43... Qd8 44. Nf7+ Rfxf7 45. Rxf7 {
Weiss droht stark Qe5} 45... Bc8 (45... Qg8 {ist der letzte Rettungsanker} 46.
Rxd7 $1 {Rueckgabe des Materials ist das staerkste} 46... Rxd7 $18) 46. Rxg7 {
Droht Matt} 46... Kxg7 47. Re8 $1 {entscheidend. Droht Matt: Rxd8} 47... Qf6 (
47... Qxe8 {aendert nichts mehr} 48. Qxe8 Bf5 49. Qe5+ Kg6 50. Qd6+ Kf7 51.
Qxd5+ Kg6 52. Qb7 $18) 48. Rxc8 {Droht Matt: Rc7} 48... Qg6 49. Qe5+ Kh6 (49...
Qf6 {holt die Kuh nicht vom Eis} 50. Rc7+ $1 {ein boeses Schach} 50... Kg6 51.
Qxd5 Qxd4 52. Rc6+ Qf6 53. Qg8+ Kf5 54. Qxh7+ Qg6 55. Qxg6+ Ke5 56. Qe6#) 50.
Qxf4+ Qg5 51. Rc6+ Kg7 52. Qxg5+ Kf7 53. Rc7+ Kf8 (53... Ke6 {
macht keinen grossen Unterschied} 54. Qe5#) 54. Qd8# 1-0

[Event "ICS rated blitz match"]
[Site "204.178.125.65"]
[Date "1999.10.04"]
[Round "?"]
[White "Hossa"]
[Black "BugChess"]
[Result "1-0"]
[WhiteElo "2348"]
[BlackElo "2265"]
[PlyCount "151"]
[EventDate "1999.??.??"]

1. Nf3 Nf6 2. b3 d5 3. d4 Bf5 4. e3 Nc6 5. Bb5 Qd6 6. Ba3 Qe6 7. O-O h6 8. Ne5
O-O-O 9. Bxc6 bxc6 10. Bc5 Kb8 11. Nd2 Ne4 12. Nxe4 dxe4 13. Qd2 a6 14. Qb4+
Ka8 15. Qa4 Kb7 16. Nc4 Ra8 17. Na5+ Kc8 18. Nxc6 Qf6 19. Na7+ Kd8 20. Qb4 Kd7
21. c4 g6 22. Qb7 Rd8 23. d5 Rh7 24. Nc6 Rc8 25. Qxa6 Ke8 26. Qb7 Qg5 27. Kh1
Qg4 28. Na7 Rd8 29. Qxc7 Rd7 30. Qb8+ Rd8 31. Qb6 Qe2 32. Nc6 Rc8 33. Nd4 Qg4
34. f3 exf3 35. gxf3 Qg5 36. Nxf5 Qxf5 37. a3 Bg7 38. Rac1 Qd7 39. e4 Be5 40.
f4 Bc7 41. Qb4 Kf8 42. f5 gxf5 43. Rxf5 Bd6 44. Bxd6 Qxd6 45. e5 Qxb4 46. axb4
Rb8 47. b5 Rg7 48. Ra1 Rh7 49. Rg1 Rd8 50. b4 Rg7 51. Rc1 Rb8 52. Rf2 Rd8 53.
Rcf1 Kg8 54. Rg2 Rxg2 55. Kxg2 Rb8 56. Rf3 Kg7 57. Kf2 Rd8 58. Ke3 Rb8 59. Kd4
Rb6 60. Kc5 Rb8 61. Ra3 Kg8 62. Kd4 Rb6 63. Ra8+ Kh7 64. Kc5 Rg6 65. Ra7 e6 66.
b6 Rg8 67. Rxf7+ Kh8 68. Rc7 Rb8 69. b7 Rxb7 70. Rxb7 exd5 71. cxd5 Kg8 72. e6
Kh8 73. d6 Kg8 74. Rf7 Kh8 75. d7 h5 76. d8=Q# {BugChess checkmated} 1-0

[Event "ICS rated blitz match"]
[Site "204.178.125.65"]
[Date "1999.09.26"]
[Round "?"]
[White "Hossa"]
[Black "BugChess"]
[Result "1-0"]
[WhiteElo "2479"]
[BlackElo "2197"]
[PlyCount "141"]
[EventDate "1999.??.??"]

1. e4 d5 2. exd5 Qxd5 3. Nc3 Qa5 4. d4 Nf6 5. Bc4 Bf5 6. Nge2 Nc6 7. O-O e5 8.
Bb5 Rd8 9. Bd2 Bd6 10. Bxc6+ bxc6 11. Re1 exd4 12. Nxd4+ Kd7 13. Ne4 Qd5 14.
Nxf6+ gxf6 15. Nxf5 Qxf5 16. Be3 Kc8 17. Qe2 Kb8 18. Qa6 c5 19. Qb5+ Ka8 20.
Qc6+ Kb8 21. Qa4 Qd5 22. Qb3+ Qxb3 23. axb3 Rhe8 24. Ra4 Be5 25. Bxc5 Bd4 26.
Bb4 Bxb2 27. Rxe8 Rxe8 28. Kf1 Bd4 29. Be1 Rd8 30. c3 Be5 31. Rh4 Rh8 32. Rg4
Bd6 33. Rg7 Bxh2 34. g3 h5 35. Kg2 Re8 36. Bd2 Bxg3 37. Rxg3 Re2 38. Be3 Ra2
39. Bd4 Rb2 40. b4 f5 41. Rg5 a5 42. bxa5 Rb5 43. a6 c5 44. Rxf5 Ra5 45. Rxc5
Rxc5 46. Bxc5 Kc7 47. Kg3 Kc8 48. Bd6 f6 49. Kh4 Kd7 50. a7 Kxd6 51. a8=Q Ke5
52. Qd5+ Kxd5 53. Kxh5 Ke4 54. c4 f5 55. c5 Ke5 56. c6 Kd6 57. Kg5 f4 58. Kxf4
Kxc6 59. Ke5 Kc7 60. f4 Kd7 61. Kf6 Kd8 62. f5 Ke8 63. Kg7 Kd8 64. f6 Ke8 65.
f7+ Kd8 66. f8=Q+ Kd7 67. Qc5 Kd8 68. Qc6 Ke7 69. Qd5 Ke8 70. Kf6 Kf8 71. Qd8#
{BugChess checkmated} 1-0

[Event "ICS rated blitz match"]
[Site "204.178.125.65"]
[Date "1999.10.05"]
[Round "?"]
[White "Hossa"]
[Black "BugChess"]
[Result "0-1"]
[WhiteElo "2429"]
[BlackElo "2214"]
[PlyCount "102"]
[EventDate "1999.??.??"]

1. d4 Nf6 2. c4 g6 3. Nc3 d5 4. Qb3 dxc4 5. Qxc4 Be6 6. Qb5+ Nc6 7. Nf3 Nd5 8.
e4 a6 9. Qe2 Nxc3 10. bxc3 Bg4 11. Rb1 b5 12. a4 bxa4 13. Qc4 Bd7 14. Qxa4 Bg7
15. Qa2 e6 16. Bc4 O-O 17. Bf4 Qc8 18. O-O a5 19. Qd2 a4 20. Bh6 a3 21. Qf4 Na5
22. Ba2 Nb7 23. Ne5 Bxh6 24. Qxh6 c5 25. Rb6 cxd4 26. cxd4 Qc7 27. Rbb1 Nd6 28.
Rbc1 Qa7 29. Rfe1 Rfc8 30. Rc5 Rd8 31. Re3 Qa4 32. Nf3 Rdb8 33. Rc1 Rb2 34. Ng5
Rc8 35. Qxh7+ Kf8 36. Rf1 Qb5 37. Nxe6+ fxe6 38. Rf3+ Nf5 39. Qh6+ Ke7 40. Qg5+
Kd6 41. e5+ Kc7 42. Rxa3 Nxd4 43. Rc1+ Kb8 44. Rd1 Qe2 45. Rf1 Bb5 46. Ra1
Qxf2+ 47. Kh1 Bc6 48. Rg1 Rf8 49. Qxg6 Qxg1+ 50. Kxg1 Ne2+ 51. Kh1 51... Rf1# {
Hossa checkmated} 0-1

[Event "ICS rated blitz match"]
[Site "204.178.125.65"]
[Date "1999.10.14"]
[Round "?"]
[White "Hossa"]
[Black "BugChess"]
[Result "0-1"]
[WhiteElo "2374"]
[BlackElo "2225"]
[PlyCount "64"]
[EventDate "1999.??.??"]

1. e4 e5 2. f4 d5 3. exd5 e4 4. Nc3 Nf6 5. Qe2 Bf5 6. Qb5+ Nbd7 7. Qxb7 Bd6 8.
d3 O-O 9. Qb5 Re8 10. Be2 a6 11. Qa5 exd3 12. cxd3 Nc5 13. Kf2 Bxd3 14. Kf3 Bf8
15. b3 Nxd5 16. Bxd3 Nxc3 17. Qxc3 Nxd3 18. Bb2 Nxb2 19. Qc2 Qd4 20. Rf1 Re3+
21. Kg4 Qd7+ 22. f5 Qd4+ 23. Rf4 h5+ 24. Kxh5 Qxf4 25. Nf3 g6+ 26. fxg6 f5 27.
Qxf5 Qxf5+ 28. Kh4 Rxf3 29. gxf3 Qf4+ 30. Kh5 Qxf3+ 31. Kg5 Be7+ 32. Kh6 32...
Qh3# {Hossa checkmated} 0-1

[Event "ICS rated blitz match"]
[Site "204.178.125.65"]
[Date "1999.10.03"]
[Round "?"]
[White "Hossa"]
[Black "BugChess"]
[Result "0-1"]
[WhiteElo "2382"]
[BlackElo "2190"]
[PlyCount "132"]
[EventDate "1999.??.??"]

1. e4 e6 2. d4 d5 3. Nc3 Bb4 4. e5 c5 5. a3 Bxc3+ 6. bxc3 Ne7 7. Bd3 Nbc6 8.
Nf3 Qa5 9. Bd2 c4 10. Be2 Qa4 11. O-O O-O 12. Bg5 Qa5 13. Qd2 Re8 14. Rfb1 b6
15. Nh4 Nf5 16. Nxf5 exf5 17. a4 Ba6 18. Bh5 Nd8 19. Bf3 Ne6 20. Rb4 Rac8 21.
Rab1 Rb8 22. Qe3 h6 23. Bxh6 gxh6 24. Qxh6 Bc8 25. Qh4 Bd7 26. Ra1 Ng7 27. Qg5
Rbd8 28. Qf6 Rc8 29. Qh6 Bc6 30. Qc1 Ne6 31. Qa3 Nc7 32. Rbb1 f4 33. Bg4 Rcd8
34. Bh5 Bd7 35. h4 Ne6 36. Bf3 Nf8 37. Re1 Ng6 38. h5 Nh4 39. Be2 Nf5 40. Kh2
a6 41. Bg4 Rf8 42. Bh3 Rfe8 43. Kg1 Ng7 44. h6 Bxh3 45. gxh3 Nf5 46. Kh1 Nxh6
47. Rg1+ Kh8 48. Qb2 Rg8 49. Rgb1 Rb8 50. Qa3 Nf5 51. Rb4 Rg5 52. Rab1 Rh5 53.
Kh2 Rg8 54. Rg1 Rxh3+ 55. Kxh3 Rxg1 56. Kh2 Rf1 57. Kg2 Re1 58. Qb2 Nh4+ 59.
Kh3 Rh1+ 60. Kg4 Ng2 61. Kf3 Nh4+ 62. Kg4 b5 63. axb5 Qb6 64. Qb1 Qg6+ 65. Kxf4
Rh3 66. bxa6 66... Ng2# {Hossa checkmated} 0-1

[Event "ICS rated blitz match"]
[Site "204.178.125.65"]
[Date "1999.10.03"]
[Round "?"]
[White "Hossa"]
[Black "BugChess"]
[Result "0-1"]
[WhiteElo "2408"]
[BlackElo "2257"]
[PlyCount "128"]
[EventDate "1999.??.??"]

1. e4 c5 2. Nf3 e6 3. d4 cxd4 4. Nxd4 Nf6 5. Nc3 d6 6. g4 h6 7. Bb5+ Nfd7 8.
O-O Be7 9. Be3 O-O 10. Re1 Ne5 11. Be2 Nbc6 12. f4 Nxd4 13. Qxd4 Nc6 14. Qc4 e5
15. Nd5 Bh4 16. Rf1 exf4 17. Rxf4 Bd7 18. Rd1 Ne5 19. Qb4 Bg5 20. Qxd6 Bxf4 21.
Bxf4 Ng6 22. Bxh6 Bxg4 23. Nf6+ gxf6 24. Bxg4 Re8 25. Qxd8 Raxd8 26. Rxd8 Rxd8
27. Be3 Re8 28. Bf5 Nh4 29. Bf4 Nxf5 30. exf5 Re2 31. a3 Rxc2 32. b4 Ra2 33. a4
Rxa4 34. Bd2 Ra3 35. Kf2 Rh3 36. Kg2 Rh5 37. Be3 b6 38. Kf3 Rxf5+ 39. Bf4 Rd5
40. Ke4 Rd1 41. b5 f5+ 42. Ke3 Rb1 43. Bb8 Rxb5 44. Bxa7 Rb1 45. Kf4 Rf1+ 46.
Kg5 b5 47. Bc5 f4 48. h4 f3 49. Kf4 Rh1 50. Bf2 b4 51. Kg3 Rd1 52. Bc5 b3 53.
Ba3 Ra1 54. Bb2 f2 55. Kxf2 Ra2 56. Ke3 Rxb2 57. Kd4 Rh2 58. h5 b2 59. h6 b1=Q
60. Kc4 Qe4+ 61. Kb5 Rb2+ 62. Kc5 Rc2+ 63. Kb5 Qb7+ 64. Ka5 64... Ra2# {
Hossa checkmated} 0-1

[Event "ICS rated blitz match"]
[Site "204.178.125.65"]
[Date "1999.10.03"]
[Round "?"]
[White "Hossa"]
[Black "BugChess"]
[Result "1-0"]
[WhiteElo "2397"]
[BlackElo "2271"]
[PlyCount "105"]
[EventDate "1999.??.??"]

1. d4 Nf6 2. c4 e6 3. Nc3 Bb4 4. Qc2 c5 5. dxc5 O-O 6. a3 Bxc5 7. Nf3 Nc6 8.
Bg5 b6 9. e3 Be7 10. Be2 Bb7 11. O-O Rc8 12. Rad1 Na5 13. Ne5 d6 14. b3 Ra8 15.
f4 Qc7 16. Bxf6 Bxf6 17. Nb5 Qc5 18. Ng4 Bd8 19. Rxd6 Qf5 20. Qc3 Ba6 21. Nd4
Bf6 22. Rd1 Bxd4 23. R6xd4 Nb7 24. Ne5 Nc5 25. Bg4 Qf6 26. b4 Na4 27. Qc2 b5
28. Nd7 Qe7 29. Nxf8 Qxf8 30. c5 Bb7 31. Rd7 Bc6 32. Rc7 Bd5 33. Bh5 f5 34.
Bf7+ Kh8 35. Qd2 Qd8 36. Bxe6 Qxc7 37. Qxd5 Rf8 38. Re1 Qd8 39. Qxd8 Rxd8 40.
Bxf5 g6 41. Be4 Nc3 42. Bf3 Rd3 43. e4 Na2 44. e5 Rxa3 45. e6 Rxf3 46. e7 Rxf4
47. e8=Q+ Kg7 48. Qe5+ Rf6 49. Rf1 Nc3 50. Qxf6+ Kh6 51. Rf5 Ne2+ 52. Kf2 Nc3
53. Qf8# {BugChess checkmated} 1-0

[Event "ICS rated blitz match"]
[Site "204.178.125.65"]
[Date "1999.10.02"]
[Round "?"]
[White "Hossa"]
[Black "BugChess"]
[Result "1-0"]
[WhiteElo "2441"]
[BlackElo "2226"]
[PlyCount "87"]
[EventDate "1999.??.??"]

1. d4 Nf6 2. c4 g6 3. Nc3 Bg7 4. e4 d6 5. f3 Nc6 6. d5 Nb8 7. Bd3 c6 8. Nge2
O-O 9. O-O cxd5 10. cxd5 Qb6+ 11. Rf2 Na6 12. Na4 Qd8 13. Bxa6 bxa6 14. Bg5 Re8
15. Rc1 e5 16. Nac3 Qb6 17. Qd2 Bd7 18. Rc2 Rad8 19. Be3 Qb8 20. Bh6 Bxh6 21.
Qxh6 Qb6 22. Ng3 Ra8 23. Qg5 Qd8 24. Rc1 Kh8 25. Rfc2 Rc8 26. Kh1 Nh5 27. Qh6
Nxg3+ 28. hxg3 f5 29. exf5 Bxf5 30. Re2 Ra8 31. g4 Bc8 32. Rec2 Bb7 33. Rd1 Qb6
34. Ne4 Re7 35. g5 Rd8 36. Nf6 Ra8 37. Rdc1 Rf7 38. b3 Rb8 39. Rc4 Qd4 40. Rc7
Qd1+ 41. Kh2 Rxc7 42. Rxc7 Qg1+ 43. Kxg1 a5 44. Rxh7# {BugChess checkmated} 1-0

[Event "ICS rated blitz match"]
[Site "204.178.125.65"]
[Date "1999.10.07"]
[Round "?"]
[White "Hossa"]
[Black "BugChess"]
[Result "1-0"]
[WhiteElo "2480"]
[BlackElo "2261"]
[PlyCount "91"]
[EventDate "1999.??.??"]

1. e4 e5 2. Nf3 d6 3. d4 Nf6 4. dxe5 Nxe4 5. Bd3 Nc5 6. O-O Nxd3 7. Qxd3 Nc6 8.
exd6 Bxd6 9. Re1+ Kf8 10. Qe4 Bd7 11. Bf4 Bxf4 12. Qxf4 Kg8 13. Nc3 h6 14. Ne5
Nxe5 15. Rxe5 c6 16. Rae1 Be6 17. Qf3 Qb6 18. Na4 Qb4 19. b3 Rd8 20. c3 Qa3 21.
Qe2 b6 22. c4 Qb4 23. Qf3 Rd2 24. Qxc6 Qf8 25. Nc3 Rc2 26. Qf3 Qb4 27. R5e3 Qa5
28. Rd1 Qf5 29. Qg3 Qf6 30. Ne4 Qe7 31. a3 Ra2 32. a4 Rb2 33. Qe5 Rc2 34. Rg3
g6 35. Nf6+ Kf8 36. Rf3 Re2 37. Qxe2 g5 38. Qe5 Bg4 39. Nd7+ Qxd7 40. Rxd7 Bxd7
41. Qxh8+ Ke7 42. Qf6+ Ke8 43. Qxf7+ Kd8 44. Rd3 Kc8 45. Rxd7 a6 46. Qe8# {
BugChess checkmated} 1-0

[Event "ICS rated blitz match"]
[Site "204.178.125.65"]
[Date "1999.09.29"]
[Round "?"]
[White "Hossa"]
[Black "BugChess"]
[Result "1-0"]
[WhiteElo "2469"]
[BlackElo "2122"]
[PlyCount "95"]
[EventDate "1999.??.??"]

1. d4 e6 2. Nf3 Nf6 3. e3 b6 4. Bd3 Bb7 5. O-O d5 6. c4 Nbd7 7. cxd5 exd5 8.
Nh4 c5 9. Nc3 Ne4 10. Nf5 g6 11. Bxe4 dxe4 12. Ng3 f5 13. Qb3 Rc8 14. Nb5 c4
15. Qc3 a6 16. Na3 b5 17. Nc2 Nf6 18. Qd2 Bg7 19. a4 bxa4 20. Qb4 Bc6 21. Ne2
Nd5 22. Qd2 Bd7 23. Nc3 Nxc3 24. Qxc3 Qf6 25. f3 Qg5 26. fxe4 fxe4 27. Rf4 Qd5
28. Bd2 Qb7 29. Qb4 Qc6 30. Bc3 Qd5 31. Raf1 g5 32. R4f2 Bb5 33. Rf5 Qe6 34. d5
Qh6 35. Bf6 Bxf6 36. Rxf6 Qg7 37. Qd6 Bd7 38. Rf7 Qxf7 39. Rxf7 Kxf7 40. Qxd7+
Kg6 41. Qxa4 Rhe8 42. Qxa6+ Kg7 43. Nd4 Ra8 44. Nf5+ Kg8 45. Qf6 Ra1+ 46. Kf2
Rf1+ 47. Kxf1 g4 48. Nh6# {BugChess checkmated} 1-0

[Event "ICS rated blitz match"]
[Site "204.178.125.65"]
[Date "1999.10.02"]
[Round "?"]
[White "Hossa"]
[Black "BugChess"]
[Result "0-1"]
[WhiteElo "2460"]
[BlackElo "2197"]
[PlyCount "200"]
[EventDate "1999.??.??"]

1. c4 Nf6 2. Nf3 g6 3. d4 d6 4. Nc3 Nbd7 5. e4 e5 6. Bd3 exd4 7. Nxd4 Bg7 8.
O-O Nc5 9. Bc2 O-O 10. b3 Re8 11. f3 Bd7 12. Be3 Kh8 13. Qd2 Ne6 14. Nxe6 fxe6
15. Rad1 e5 16. c5 dxc5 17. Bxc5 b6 18. Ba3 c5 19. Bb2 Bc6 20. Qd6 Rc8 21. Ne2
Qxd6 22. Rxd6 c4 23. Rc1 Bb7 24. Bd1 cxb3 25. Rxc8 Bxc8 26. Bxb3 Nh5 27. Bc4
Nf4 28. Nxf4 exf4 29. Bb5 Rf8 30. Bxg7+ Kxg7 31. e5 Bf5 32. Kf2 Rc8 33. Bc6 Bb1
34. a3 Kf7 35. g3 fxg3+ 36. hxg3 Bf5 37. g4 Be6 38. Bd7 Rc2+ 39. Kg3 Bb3 40.
Rd4 Rc1 41. f4 Rg1+ 42. Kf2 Rc1 43. Rd3 Bc4 44. Rh3 Rf1+ 45. Kg3 Kg8 46. Bc6
Ra1 47. Kh4 Be6 48. Rd3 Kf7 49. Rc3 Rf1 50. Bf3 a5 51. Kg5 Rf2 52. Kh4 Ke8 53.
Kg3 Rf1 54. Kg2 Rb1 55. Kf2 Rb2+ 56. Kg3 Kd7 57. Bb7 Kd8 58. Rd3+ Ke7 59. Be4
Re2 60. Bf3 Ra2 61. Bc6 Rb2 62. Kh4 Rh2+ 63. Rh3 Re2 64. Bf3 Re3 65. Bg2 Re2
66. Bc6 h5 67. Bf3 Re3 68. Bd1 Re1 69. Bf3 b5 70. Rg3 hxg4 71. Bxg4 Bxg4 72.
Kxg4 a4 73. Kg5 Kf7 74. Rd3 Rg1+ 75. Kh4 Rf1 76. Kg4 Rg1+ 77. Kf3 Rb1 78. Rc3
Rb3 79. Re3 b4 80. e6+ Ke7 81. axb4 Rxe3+ 82. Kxe3 a3 83. b5 a2 84. Kf3 a1=Q
85. Kg4 Kxe6 86. b6 Qg1+ 87. Kf3 Kf5 88. b7 Qf1+ 89. Ke3 Qxf4+ 90. Kd3 g5 91.
Kc3 Qe5+ 92. Kb4 Qe7+ 93. Kc4 Qxb7 94. Kd4 Qb6+ 95. Kc4 g4 96. Kd3 g3 97. Ke2
Qd4 98. Ke1 Qf2+ 99. Kd1 g2 100. Kc1 100... g1=Q# {Hossa checkmated} 0-1

[Event "ICS rated blitz match"]
[Site "204.178.125.65"]
[Date "1999.10.01"]
[Round "?"]
[White "Hossa"]
[Black "BugChess"]
[Result "1-0"]
[WhiteElo "2323"]
[BlackElo "2175"]
[Annotator "Fritz 5.32 (20s)"]
[PlyCount "79"]
[EventDate "1999.??.??"]

1. e4 e6 2. d4 d5 3. Nc3 Nf6 4. Bg5 Be7 5. e5 Nfd7 6. Be3 O-O (6... b6 7. Qg4
g6 8. f4 h5 9. Qh3 Ba6 10. Nf3 Bxf1 11. Rxf1 c5 12. O-O-O Rf8 13. f5 gxf5 14.
Qxh5 Nc6 15. Ng5 Nxd4 16. Rxd4 Qb8 17. Nxe6 Qxe5 18. Nxd5 Rc8 19. Ndc7+ Rxc7
20. Nxc7+ Kd8 21. Rxd7+ Kxd7 22. Nd5 Ke6 23. Nf4+ {
1-0 Christensen,T-Lindestrom,T/DEN-chB 1989/EXT 97 (23)}) 7. f4 $146 (7. Qh5 f5
8. f4 c5 9. Nf3 cxd4 10. Nxd4 Nc5 11. O-O-O Nc6 12. g4 Nxd4 13. Bxd4 g6 14. Qh3
fxg4 15. Qxg4 Rxf4 16. Qg3 Qf8 17. Bg2 Bh4 18. Bxc5 Qh6 19. Be3 Bxg3 20. hxg3
Qg5 21. Bxf4 Qe7 22. Bh6 Bd7 23. Rdf1 b5 24. Nxd5 {
1-0 Taubenhaus,J-Reggio,A/Monte Carlo 1903/HCL (24)}) (7. Nf3 c5 8. h4 (8. Be2
a6 9. O-O Nc6 10. a3 cxd4 11. Bxd4 Qc7 12. Re1 Bc5 13. Bxc5 Nxc5 14. Bd3 b5 15.
b4 Nd7 16. Qe2 Nxb4 17. Nxb5 axb5 18. axb4 Ba6 19. Bxb5 Bxb5 20. Qxb5 Rab8 21.
Qa4 Rb7 22. Rac1 Rfb8 23. c3 Ra7 24. Qb3 Nc5 25. Qc2 Ne4 26. Re3 Qc4 27. Nd2
Nxd2 28. Qxd2 Rc8 29. h3 Ra3 30. Kh2 g6 31. Qd3 Qf4+ 32. Kg1 Qxb4 33. cxb4
Rxc1+ 34. Kh2 Rxd3 35. Rxd3 Rb1 36. Rd4 Kg7 37. g3 f6 38. f4 fxe5 39. fxe5
39... g5 {- Szalayova,K-Dubai,M/Bratislava 1995/EXT 97 (39)}) 8... Nc6 9. Bd3
h6 10. Rh3 cxd4 11. Bxh6 Ndxe5 12. Nxe5 Nxe5 13. Bxg7 Nxd3+ 14. Qxd3 Kxg7 15.
Qg3+ Kh7 16. Qf3 Bd6 17. Qh5+ Kg7 18. f4 Qf6 19. Rg3+ Qg6 20. Ne2 Bxf4 21.
Rxg6+ 21... fxg6 {Reedijk,P-Van Bergen,A/NLD-chT 1996/EXT 99/0-1 (32)}) 7... c5
{Der thematische Vorstoss} 8. Nf3 Nc6 9. Bb5 Nxd4 10. Nxd4 cxd4 11. Bxd4 {
Ein gutes Feld fuer den Laeufer} 11... a6 12. Bd3 Bc5 13. Be2 f6 14. Bxc5 Nxc5
15. exf6 $15 (15. Qd4 $5 $142 {ist eine gute Alternative} 15... b6 16. O-O $14)
15... gxf6 $14 (15... Qxf6 $5 $142 {sieht noch spielbar aus} 16. O-O 16... d4
$15) 16. Qd4 b6 17. f5 exf5 18. O-O-O Re8 19. Nxd5 Kg7 20. Qf2 Bd7 21. Bh5
21... Rf8 $2 $18 (21... Re5 $5 $16 $142) 22. Ne3 $16 (22. Rhe1 $5 $142 22...
Kh8 23. Qh4 $18) 22... Qc8 23. Rhf1 23... Kg8 $18 (23... Ra7 24. h3 $16) 24.
Nxf5 {Droht Matt} 24... Bxf5 25. Qxf5 Qxf5 26. Rxf5 Rab8 27. Rd6 Kg7 28. Bf3
Kg6 29. g4 a5 30. h4 Kg7 31. Bd5 h6 32. a3 32... Kg6 $2 (32... a4 $18) 33. b4
axb4 34. axb4 Na6 (34... Rbd8 {die letzte Gegenchance} 35. bxc5 Rxd6 36. cxd6
36... Rd8 $18) 35. Rd7 $1 {das war die Absicht} 35... h5 {
Weiss darf nun die Drohung Rfd8 nicht uebersehen} 36. Be4 $1 {entscheidend}
36... Rf7 37. Rg5+ Kh6 38. Rxf7 f5 39. Bxf5 hxg4 40. Rf6# 1-0